Uplatnenie QRQC metódy pri výrobe drevených výrobkov v organizácii IKEA INDUSTRY, s.r.o.

Na minha lista:
Detalhes bibliográficos
Autor principal: Švecová, Monika (Author)
Outros Autores: Václav, Ľuboš (Thesis advisor)
Formato: Manuscrito Livro
Idioma:eslovaco
Publicado em: 2016
Assuntos:
Acesso em linha:http://is.stuba.sk/zp/portal_zp.pl?podrobnosti=119154
Tags: Adicionar Tag
Sem tags, seja o primeiro a adicionar uma tag!

MARC

LEADER 00000ntm a22000003a 4500
001 stuzp57844
003 SK-STU
005 20160719155400.0
007 ta
008 150427s2015----xo-----f-mn---000-0-slo-d
040 |a STU  |b slo 
041 0 |a slo 
100 1 |a Švecová, Monika  |u 064000  |k Z4  |4 aut  |U MTF Materiálovotechnologická fakulta  |T MTF Ústav priemyselného inžinierstva a manažmentu  |X 6988  |U M4000  |Y 84  |7 A000006988 
242 0 1 |a Implementation of QRQC method for the production wood goods in IKEA INDUSTRY, s.r.o.  |y eng 
245 1 0 |a Uplatnenie QRQC metódy pri výrobe drevených výrobkov v organizácii IKEA INDUSTRY, s.r.o. 
260 |c 2016 
650 4 |a kvalita  |2 slo 
650 4 |a QRQC  |2 slo 
650 4 |a metóda  |2 slo 
650 4 |a príčina  |2 slo 
650 4 |a analýza  |2 slo 
650 4 |a drevené výrobky  |2 slo 
650 4 |a wood goods  |2 eng 
650 4 |a quality  |2 eng 
650 4 |a QRQC  |2 eng 
650 4 |a method  |2 eng 
650 4 |a cause  |2 eng 
650 4 |a analysis  |2 eng 
700 1 |a Václav, Ľuboš  |4 ths  |X 69710  |7 A000069710 
856 4 |u http://is.stuba.sk/zp/portal_zp.pl?podrobnosti=119154 
996 |c M* DP-12915  |l MMSKP  |s P  |a 0  |w stuzp57844_0001 
SQL |a stuzp57844  |b DDP  |c SLO  |d Uplatnenie QRQC metódy pri výrobe drevených výrobkov v organizácii IKEA INDUSTRY, s.r.o.  |e 6988  |f Švecová, Monika  |g 064000  |h 69710  |i Václav, Ľuboš  |j 20160607  |k 183  |l 06  |m http://is.stuba.sk/zp/portal_zp.pl?podrobnosti=119154  |n I-IKP  |o 5.2.57. kvalita produkcie